Para comprender los manuscritos del Mar Muerto

Պահպանված է:
Մատենագիտական մանրամասներ
Հիմնական հեղինակ: Vázquez Allegue, Jaime (coordinador)
Ձևաչափ: Գիրք
Լեզու:իսպաներեն
Հրապարակվել է: Pamplona, España Verbo Divino 2004
Շարք:Para Comprender
Խորագրեր:
Ցուցիչներ: Ավելացրեք ցուցիչ
Չկան պիտակներ, Եղեք առաջինը, ով նշում է այս գրառումը!

MARC

LEADER 00000cam a2200000 a 4500
001 UCC8807
003 CL-VaPUC
005 20210302211000.0
008 190814e20040000sp |||||||||||||||||spa|d
020 |a 848169570X 
040 |c Pontificia Universidad Católica de Valparaíso 
082 0 4 |a 296.155 VAZ 2004  |2 21 
100 0 |a Vázquez Allegue, Jaime  |e coordinador   |9 603524 
245 1 4 |a Para comprender los manuscritos del Mar Muerto 
260 |a Pamplona, España   |b Verbo Divino  |c 2004 
300 |a 251 páginas  
490 0 |a Para Comprender 
583 |a last modification  |c 20190814 14:59:00  |k Rodrigo Vera 
650 0 |a Manuscritos del Mar Muerto  |2 CL-VaPUC  |9 315866 
650 0 |a Comunidad qumrán  |2 CL-VaPUC  |9 313681 
942 |c BK  |2 ddc 
945 |d 20190814 14:59:00  |a dcastane 
999 |c 375057  |d 375055 
952 |0 0  |1 0  |3 erb  |4 0  |6 296_155000000000000_VAZ_2004  |7 0  |8 A  |9 493944  |a BIBTEO  |b BIBTEO  |d 2019-08-13  |e 8   |g 16800.00  |i 5559413  |o 296.155 VAZ 2004  |p 5559413  |r 2025-01-17  |v 16800.00  |w 2019-11-24  |y BK  |z Catalogado en:20190814  |k ICR